AH International Schools' Libraries

Don't be horrid, henry! / (Record no. 48310)

MARC details
000 -LEADER
fixed length control field 00340nam a2200121 4500
020 ## - INTERNATIONAL STANDARD BOOK NUMBER
International Standard Book Number 9781842556726
100 ## - MAIN ENTRY--PERSONAL NAME
Personal name Simon, Francesca
9 (RLIN) 66930
245 ## - TITLE STATEMENT
Title Don't be horrid, henry! /
Statement of responsibility, etc Francesca Simon & Tony Ross
260 ## - PUBLICATION, DISTRIBUTION, ETC. (IMPRINT)
Place of publication, distribution, etc UK
Name of publisher, distributor, etc Orion Children's Book
Date of publication, distribution, etc 2016
300 ## - PHYSICAL DESCRIPTION
Extent 59 p.
Other physical details col. ill.
Dimensions 20 cm.
490 ## - SERIES STATEMENT
Series statement Early Reader
942 ## - ADDED ENTRY ELEMENTS (KOHA)
Source of classification or shelving scheme
Koha item type Book
Holdings
Withdrawn status Lost status Source of classification or shelving scheme Damaged status Not for loan Home library Current library Shelving location Date acquired Total Checkouts Full call number Barcode Date last seen Date checked out Price effective from Koha item type
          Asian Hope Early Years Library Asian Hope Primary Library Junior Fiction 02/05/2025 2 CB FIC SIM 206925 05/19/2025 05/16/2025 02/05/2025 Book

For any Logos Library related questions please contact Miss Art at swongnarasuk@asianhope.org.

For any Asian Hope Library related questions please contact Miss Raza at graza@asianhope.org.

Powered by Koha